| 000 | 00629 a2200169 4500 | ||
|---|---|---|---|
| 003 | Nust | ||
| 005 | 20221110095229.0 | ||
| 040 | _cNust | ||
| 082 | _a512.1,HER | ||
| 100 |
_aHerstein, I. N. _939138 |
||
| 245 |
_a Topics in algebra / _cHerstein, I. N. |
||
| 260 |
_aNew York, _bBlaisdell Pub. Co _c. [1964] |
||
| 300 |
_aviii, 342 p. _b24 cm. |
||
| 505 | _aPreliminary Notions (Page-2), Group Theory (Page-26), Ring Theory (Page-83), Vector Spaces and Modules (Page-130), Fields (Page-167), Linear Transformations (Page-217), Selected Topics (Page-314). | ||
| 650 |
_a Topics in algebra. _9102476 |
||
| 942 |
_2ddc _cBK _k512.1,HER |
||
| 999 |
_c181767 _d181767 |
||